Word Ladder: Ash Wednesday Quiz Stats

 Plays Quiz Updated Feb 14, 2018

Score 0/18 Timer 02:00
1 Play Today
Hint 4-Letter Word % Correct
Telephone inventorBELL
97.1%
● Religious observance that begins
on Ash Wednesday ●
● LENT ●
96.5%
Band around the waistBELT
96.2%
Face coveringMASK
95.3%
Tightly closed handFIST
95.2%
Tall pole on a shipMAST
95.2%
Dance gatheringBALL
95%
● Very observant people will do this for 40 days ●● FAST ●
94.9%
It can follow 'bucket' or 'to do'LIST
94.2%
Hint 4-Letter Word % Correct
● One of the four canonical Gospels ●● MARK ●
93.9%
Central, Hyde, or Griffith, e. g.PARK
93%
One of the seven deadly sinsLUST
92.9%
Cheese grated onto pasta, for shortPARM
92%
Soothing salveBALM
90.1%
Animal skinPELT
89.7%
● Type of leaves burned to make ceremonial ashes ●● PALM ●
89.5%
Confined or repressedPENT
86.2%
● 'Remember that you are ____,
and to ____ you shall return.' ●
● DUST ●
79.8%

Today's Daily Dose

Missing Word
1972 Movies A-Z

Word Ladder
Antonym Chain

Quick Pick
Kiss Songs

Get the Picture
The Tonight Show

You're not logged in!

Compare scores with friends on all Sporcle quizzes.
OR
Log In

You Might Also Like...

Show Comments

Extras

Top Quizzes Today


Score Distribution

Your Account Isn't Verified!

In order to create a playlist on Sporcle, you need to verify the email address you used during registration. Go to your Sporcle Settings to finish the process.

Report this User

Report this user for behavior that violates our Community Guidelines.

Details: